000 00639nam a22001817a 4500
003 JO-AjAnu
005 20240611100818.0
008 240611b jo ||||| |||| 00| 0 ara d
020 _a1-362-07-9957
040 _aJO-AjAnu
_bARA
_cJO-AjAnu
041 _hara
100 _aالعلوجي، صباح ناصر
_eمؤلف
_965455
245 0 _aعلم المصطلحات الطبية عربي - انجليزي
_c/ صباح ناصر العلوجي
260 _aعمان:
_bدار الفكر للطباعة والنشر والتوزيع،
_c2003
300 _a459 صفحه
650 _vالطب-معاجم-مصطلحات
942 _2lcc
_cREF
_n0
999 _c33533
_d33533